Epistola poetica ad familiarem /

Bibliographic Details
Main Author: Clinch, Joseph H. (Joseph Hart), -1884
Format: Microform Book
Language:Latin
English
Published: Olicanae : J. Bowes et Filii, 1864.
Subjects:

MARC

Tag First Indicator Second Indicator Subfields
LEADER 00000cam a2200000 a 4500
001 in00001348310
005 20151006072753.0
007 hd afu---baca
008 860419s1864 xx a 000 0 lat d
035 |a (OCoLC)13457624 
035 |9 AHH6120AM 
040 |a POG  |c POG  |d UtOrBLW 
041 1 |a lat  |a eng  |h lat 
049 |a TXAI 
090 |a PS586  |b .A450 pt. 3, no. 697 
099 |a film  |a B  |a 3870  |a  Segment III, no. 697) 
100 1 |a Clinch, Joseph H.  |q (Joseph Hart),  |d -1884. 
245 1 0 |a Epistola poetica ad familiarem /  |c auctore V.R. Josepho H. Clinch, e coll. Reg. N.S. ; latine reddita V.R. Carolo Porter ... ejusdem callegii olim praeside. 
264 1 |a Olicanae :  |b J. Bowes et Filii,  |c 1864. 
300 |a 17 pages 
336 |a text  |b txt  |2 rdacontent 
337 |a microform  |b h  |2 rdamedia 
338 |a microfilm reel  |b hd  |2 rdacarrier 
500 |a Text in Latin and English. 
533 |a Microfilm.  |b Woodbridge, Conn. :  |c Research Publications,  |d 1977.  |e 1 microfilm reel ; 35 mm.  |f (American Poetry, 1609-1900 ; Segment III, no. 697) 
539 |a s  |b 1977  |d ctu  |e n 
500 |a Microform. 
610 2 0 |a University of King's College (Halifax, N.S.)  |x Poetry. 
999 |a MARS 
999 f f |s 146c1416-0516-3f9e-8f60-3a6c888077a5  |i 646e3dd7-0b30-3841-b726-cc92f5d51fb6  |t 0 
952 f f |p default  |a Texas A&M University  |b College Station  |c Sterling C. Evans Library  |d Evans: Microforms (3rd floor)  |t 0  |e film B 3870 Segment III, no. 697  |h Other scheme  |i microform -- microfilm reel 
998 f f |a film B 3870 Segment III, no. 697  |t 0  |l Evans: Microforms (3rd floor)